The History Bee #1 - Statistics

General Stats
  • This quiz has been taken 107 times
  • The average score is 8 of 20
Answers on the Map
Answers color-coded by a green-red scale on the quiz's map according to % correct below.
 
Answer Stats
Answer % Correct
Roman Empire
52%
Albert Einstein
51%
Boston Tea Party
49%
Battle of Waterloo
47%
The Titanic
47%
Dodo
44%
Genghis Khan
44%
Great Wall of China
44%
Silk Road
44%
Berlin Wall
43%
Winston Churchill
43%
American Civil War
41%
Treaty of Versailles
41%
Apollo 11
39%
Wright Brothers
39%
Battle of Hastings
35%
Julius Caesar
35%
Rosetta Stone
33%
Cuban Revolution
32%
Meiji Restoration
16%
No matching quizzes found
Score Distribution
Percent of People with Each Score
Percentile by Number Answered
Your Score History
You have not taken this quiz